|
|
|
|
| LEADER |
00000nam a2200000 a 4500 |
| 001 |
vtls001521732 |
| 003 |
SK-MaSNL |
| 005 |
20260301015548.0 |
| 007 |
co cgu uuua |
| 008 |
171201s2005 xo f f 000 0 slo |
| 015 |
|
|
|a SNBS2007
|
| 020 |
|
|
|a 8089087159
|q (CD-ROM)
|
| 040 |
|
|
|a SNK
|b slo
|c SNK
|e AACR2
|
| 041 |
0 |
|
|a slo
|
| 044 |
|
|
|a xo
|c SK
|
| 072 |
|
7 |
|a 615
|x Farmácia. Farmakológia
|2 konspekt
|
| 072 |
|
7 |
|a 616
|x Patológia. Klinická medicína
|2 konspekt
|
| 080 |
|
|
|a 615.4
|2 2001
|
| 080 |
|
|
|a 616-006
|2 2001
|
| 080 |
|
|
|a (035)
|2 2001
|
| 080 |
|
|
|a (0.034.44)
|2 2001
|
| 245 |
0 |
0 |
|a Vademecum
|h elektronický zdroj
|b najčastejšie používané farmaceutické prípravky v onkológii
|
| 256 |
|
|
|a Elektronické dokumenty
|
| 260 |
|
|
|a Bratislava
|b Infoma Business Trading
|c [2005]
|
| 300 |
|
|
|a 1 elektronický optický disk (CD-ROM)
|c 12 cm
|
| 650 |
0 |
7 |
|a onkológia
|2 SNKPH
|9 2540
|
| 650 |
0 |
7 |
|a lieky
|2 SNKPH
|9 2515
|
| 655 |
|
7 |
|a príručky
|2 SNKPH
|9 74364
|
| 655 |
|
7 |
|a CD-ROM
|2 SNKPH
|9 70236
|
| 919 |
|
|
|a 80-89087-15-9
|
| 999 |
|
|
|c 561009
|d 562939
|
| 952 |
|
|
|a SNK
|b SNK
|y PREZ
|7 0
|p 17A0461734
|o snkSCDM 614
|i snk2005/4947
|8 0
|0 0
|1 0
|4 0
|d 2005-03-31
|l 0
|r 2026-02-23 13:41:31
|w 2026-02-23
|
| 952 |
|
|
|a SNK
|b SNK
|y PREZ
|7 0
|p 17A0461733
|o snkSCDM 614 D1
|i snk2005/4948
|8 0
|0 0
|1 0
|4 0
|d 2005-03-31
|l 0
|r 2026-02-23 13:41:31
|w 2026-02-23
|